000 00496nam a2200217Ia 4500
005 20250425162444.0
008 250425s9999 xx 000 0 und d
020 _a0471344311
041 _aeng
082 _a540
100 _aHALLIDAY, DAVID
245 0 _aFUNDAMENTALS OF PHYSICS
250 _aS.E.
260 _aEstados Unidos
_bJOHN WILEY & SON
_c1974
260 _aNEW YORK
300 _a827
650 _aQUIMICA
700 _aRESNICK, ROBERT
942 _c01
010 _a75387
999 _c229577
_d229577